| 000 | 00932nam a2200313 a 4500 | ||
|---|---|---|---|
| 003 | AR-BaBNM | ||
| 005 | 20251128203439.0 | ||
| 008 | 082120s2002 ||||||||||||||000 | spa|| | ||
| 040 | _cAR-BaBNM | ||
| 100 | 1 | _aHenríquez Ureña, Pedro | |
| 245 | 0 | 0 | _aLas corrientes literarias en la América Hispánica |
| 250 | _a2ª ed. | ||
| 260 |
_aMéxico, D.F. _bFondo de Cultura Económica _c1954 |
||
| 300 |
_a340 p. _bláms. |
||
| 490 | 0 | _aBiblioteca americana. Literatura moderna | |
| 500 | _aContiene referencias bibliográficas en p. 275 | ||
| 500 | _aIndice de nombres en p. 301 | ||
| 650 | 4 | _aROMANTICISMO | |
| 650 | 4 | _aLITERATURA LATINOAMERICANA | |
| 650 | 4 | _aCRITICA LITERARIA | |
| 650 | 4 | _aINVESTIGACION LITERARIA | |
| 650 | 4 | _aHISTORIA LITERARIA | |
| 650 | 4 | _aSIGLO DIECINUEVE | |
| 653 | _aDESCUBRIMIENTO DE AMERICA | ||
| 653 | _aAMERICA COLONIAL | ||
| 655 | _aLITERATURA | ||
| 942 | _cBK | ||
| 998 | _cMARTIN | ||
| 999 |
_c3421 _d3421 |
||